000 00859cab a2200265 4500
001 WB3413-42
008 090401t1998 xxu||||| |||| 00| 0 eng d
035 _a(Sirsi) u85377
041 _aeng
245 _aTitle to sue
260 _c1998
350 _a0
490 _aEstates Gazette Case Summaries
_v(1998) EGCS 48 28/3/98
520 _a"Delaware Mansions Ltd and Flecksun Ltd v Westminister CC" ORC 3 March 1998. Held that neither plaintiff entitled to sue highway authority for negligent failure to control tree growth.
650 _aDELAWARE MANSIONS AND FLECKSUN V WESTMINSTER CC
650 _aENCROACHMENT
650 _aHIGHWAY AUTHORITY
650 _aLAW OF NUISANCE
650 _aNEGLIGENCE
650 _aTITLE TO SUE
650 _aTREE ROOTS
690 _aPROPERTY LAW AND PRACTICE-CASE LAW
942 _n0
948 _c01/04/1998
999 _c53686
_d53686